Tribhuvan University Central Library

Classification of catchments in the western development region of Nepal; erosion hazard and land management problems (Record no. 5130)

MARC details
000 -LEADER
fixed length control field 008510000a22003010004500
003 - CONTROL NUMBER IDENTIFIER
control field Sushi
005 - DATE AND TIME OF LATEST TRANSACTION
control field 20120907074925.0
082 ## - DEWEY DECIMAL CLASSIFICATION NUMBER
Classification number 634.922
Item number F629c
-- N
041 ## - LANGUAGE CODE
Language code of text/sound track or separate title Eng
100 ## - MAIN ENTRY--PERSONAL NAME
Personal name Fleming, W. M.
110 ## - MAIN ENTRY--CORPORATE NAME
Corporate name or jurisdiction name as entry element Ministry of Forest, Dept. of Soil and Water Conservation Integrated Watershed Management, Nepal
245 ## - TITLE STATEMENT
Title Classification of catchments in the western development region of Nepal; erosion hazard and land management problems
260 ## - PUBLICATION, DISTRIBUTION, ETC. (IMPRINT)
Place of publication, distribution, etc Kathmandu
Name of publisher, distributor, etc UNDP/FAO, Nepal
260 ## - PUBLICATION, DISTRIBUTION, ETC. (IMPRINT)
Date of publication, distribution, etc 1978
300 ## - PHYSICAL DESCRIPTION
Extent 14p.
Other physical details map, tables
440 ## - SERIES STATEMENT/ADDED ENTRY--TITLE
Title NEP/74/020 working paper
-- 10
518 ## - DATE/TIME AND PLACE OF AN EVENT NOTE
Date/time and place of an event note 940605
530 ## - ADDITIONAL PHYSICAL FORM AVAILABLE NOTE
Additional physical form available note R
650 ## - SUBJECT ADDED ENTRY--TOPICAL TERM
Topical term or geographic name as entry element Soil erosion
650 ## - SUBJECT ADDED ENTRY--TOPICAL TERM
Topical term or geographic name as entry element Land use
650 ## - SUBJECT ADDED ENTRY--TOPICAL TERM
Topical term or geographic name as entry element Management
650 ## - SUBJECT ADDED ENTRY--TOPICAL TERM
Topical term or geographic name as entry element Conservation
651 ## - SUBJECT ADDED ENTRY--GEOGRAPHIC NAME
Geographic name Nepal
651 ## - SUBJECT ADDED ENTRY--GEOGRAPHIC NAME
Geographic name Western Development Region
650 ## - SUBJECT ADDED ENTRY--TOPICAL TERM
Topical term or geographic name as entry element Catchments
942 ## - ADDED ENTRY ELEMENTS (KOHA)
Koha item type General Collections
Holdings
Withdrawn status Lost status Damaged status Not for loan Home library Current library Date acquired Total Checkouts Barcode Date last seen Price effective from
        Tribhuvan University Central Library Tribhuvan University Central Library 06/20/2010   G20372 06/20/2010 06/20/2010